| 000 | 00948cab a2200253 4500 | ||
|---|---|---|---|
| 001 | ABS56400 | ||
| 008 | 090401t1996 xxu||||| |||| 00| 0 eng d | ||
| 035 | _a(Sirsi) u23339 | ||
| 041 | _aeng | ||
| 100 | _aBoadle, J | ||
| 245 | _aDue diligence reporting - a key step to a successful merger | ||
| 260 | _c1996 | ||
| 350 | _a0 | ||
| 490 |
_aProfessional Practice Management _v14(12) December 1996, 178-179(2) |
||
| 520 | _aDiscusses why professional firms considering a significant merger should commission a due diligence report from an independent firm of reporting accountants. An objective review of firm`s accounts creates a clear framework on which to base detailed merger negotiations. | ||
| 650 | _aACCOUNTANTS | ||
| 650 | _aACCOUNTS | ||
| 650 | _aDUE DILIGENCE REPORTS | ||
| 650 | _aMERGERS | ||
| 650 | _aPARTNERSHIPS | ||
| 690 | _aMANAGEMENT-BUSINESS MANAGEMENT-PROFESSIONAL PRACTICE | ||
| 942 | _n0 | ||
| 948 | _c04/03/1997 | ||
| 999 |
_c15603 _d15603 |
||